00662nam a2200229Ia 4500003000900000008004100009040001300050040001300063041000800076100002100084245003000105250001100135260001200146260000900158300001100167300000800178490002400186490000800210942000700218999001700225952019000242IT-RoPAU120407s9999 xx 000 0 und d aIT-RoPAU cIT-RoPAU aita aGaland de Reigny aPetit livre de Proverbes aParis  aDu Cerf c1998 a231 p. c cm aSours chrétiennes v436 cBK c29634d29634 00102ddc406276_800000000000000_343671aPAULUSbPAULUSd2012-04-11l0o276.8.3436r2012-04-11 00:00:00w2012-04-11yBKzInserito da: In data: n.d. fondo: Via A.Severo 56 Progr:29024